00430nam a2200169 a 450000100060000000300090000600800410001502000150005604000280007108200130009910000220011224500230013426000420015730000110019949000280021065000220023819223CO-ViMGA141112s2004 ck r 000 u spa d a8476729995 aCO-ViMGAbspacCO-ViMGA04a843 B1591 aBalzac, Honore de10aCuentos libertinos aBarcelona : bEdicomunicación; 1999 a319 p. aColección cultura; 9914aCUENTOS FRANCESES